Legislatívne zmeny v samospráve za rok 2021

Pokračovanie z predchádzajúceho čísla. Príspevok sa zaoberá legislatívnymi zmenami dôležitými pre samosprávu, ktoré boli prijaté v roku 2021 v oblasti školstva, stavebného práva, odpadového hospodárstva, dotácií, pracovného práva a pod.

Gespeichert in:
Bibliographische Detailangaben
1. Verfasser: Ukropec, Anton
Format: Buchkapitel
Sprache:Slowakisch
Schlagworte:
Tags: Tag hinzufügen
Keine Tags, Fügen Sie das erste Tag hinzu!

MARC

LEADER 00000naa a2200000 4500
001 0281592
005 20240417075152.0
041 0 |a slo 
044 |a SK 
245 1 0 |a Legislatívne zmeny v samospráve za rok 2021  |c Anton Ukropec 
520 |a Pokračovanie z predchádzajúceho čísla. Príspevok sa zaoberá legislatívnymi zmenami dôležitými pre samosprávu, ktoré boli prijaté v roku 2021 v oblasti školstva, stavebného práva, odpadového hospodárstva, dotácií, pracovného práva a pod. 
610 2 0 |a legislatíva 
610 2 0 |a novelizácia 
610 2 0 |a samospráva 
610 2 0 |a školstvo 
610 2 0 |a stavby 
610 2 0 |a hospodárstvo odpadové 
610 2 0 |a právo pracovné 
610 2 0 |a dotácie 
100 1 |a Ukropec, Anton